Μια "άλλη" Κυριακή : "τρέλλα" και "αρρώστια" στα ελληνικά γήπεδα

Saved in:
Bibliographic Details
Main Author: Παπαγεωργίου, Δημήτρης
Format: Book
Language:Greek
Published: Θεσσαλονίκη : Επίκεντρο, 2007
Edition:2η εκδ.
Subjects:
Tags: Add Tag
No Tags, Be the first to tag this record!

MARC

LEADER 00000nam a2200000 i 4500
001 1/52768
008 070828s2007 gre d
020 |a 978-960-458-042-2 
035 |l 10090094 
040 |a GR-MY-UA  |b gre  |e aacr 
041 0 |a gre 
082 0 |a 796.334  |2 (22) 
100 1 |a Παπαγεωργίου, Δημήτρης. 
245 1 0 |a Μια "άλλη" Κυριακή :  |b "τρέλλα" και "αρρώστια" στα ελληνικά γήπεδα /  |c Δημήτρης Παπαγεωργίου 
250 |a 2η εκδ.  
260 |a Θεσσαλονίκη :   |b Επίκεντρο,   |c 2007 
300 |a 182 σ. ;  |b φωτ.;  |c 20 εκ. 
650 0 0 |a Soccer. 
650 0 0 |a Soccer fans. 
650 0 0 |a Soccer  |x Social aspects  |z Greece. 
852 |a INST  |b LESVOS  |e 20070828  |h 796.334 ΠΑΠ  |p 005100037712  |q 005100037712  |t BK  |y 0 
901 |a BIBL1-2007-2 
909 |a Λ  |b 136658 
922 |a 1ΕΛΗ  |b 2007-07  |c ΕΠΕΑΕΚ2/ΠΤΕ  |d Σ. ΠΑΤΑΚΗΣ 
970 |a ΧΑΤΖΗΜΙΧΑΗΛ  |b ΜΑΡΙΑ  |z 2007/08/28